Traité d'allergologie (Record no. 50498)
[ view plain ]
| 000 -LEADER | |
|---|---|
| fixed length control field | 00582nam a22002057a 4500 |
| 003 - CONTROL NUMBER IDENTIFIER | |
| control field | 0 |
| 005 - DATE AND TIME OF LATEST TRANSACTION | |
| control field | 20160609171246.0 |
| 008 - FIXED-LENGTH DATA ELEMENTS--GENERAL INFORMATION | |
| fixed length control field | 130402t xxu||||| |||| 00| 0 eng d |
| 020 ## - NUMERO INTERNATIONAL NORMALISE DES LIVRES | |
| International Standard Book Number | 2257105257 |
| 040 ## - SOURCE DU CATALOGAGE | |
| Original cataloging agency | BUAC |
| Language of cataloging | Fre |
| Transcribing agency | BFSS |
| 100 ## - VEDETTE PRINCIPALE - NOM DE PERSONNE | |
| Personal name | Vervloet, Daniel |
| 9 (RLIN) | 22728 |
| 245 ## - TITLE STATEMENT | |
| Title | Traité d'allergologie |
| Remainder of title | /par Daniel Vervloet, Antoine Magnan |
| 260 ## - PUBLICATION, DISTRIBUTION, ETC. (IMPRINT) | |
| Place of publication, distribution, etc | Paris |
| Name of publisher, distributor, etc | Flammarion Médecine Sciences |
| Date of publication, distribution, etc | 2003 |
| 300 ## - PHYSICAL DESCRIPTION | |
| Extent | 1148p. |
| Other physical details | ill., couv. en coul. |
| Dimensions | 28cm |
| 440 ## - SERIES STATEMENT/ADDED ENTRY--TITLE | |
| Title | Traités |
| 9 (RLIN) | 22729 |
| 504 ## - BIBLIOGRAPHY, ETC. NOTE | |
| Bibliography, etc | Index |
| 653 ## - INDEX TERM--UNCONTROLLED | |
| Uncontrolled term | Allergologie |
| 700 ## - ADDED ENTRY--PERSONAL NAME | |
| Personal name | Magnan Antoine |
| 9 (RLIN) | 22730 |
| 942 ## - ADDED ENTRY ELEMENTS (KOHA) | |
| Koha item type | Livre |
| Withdrawn status | Lost status | Damaged status | Not for loan | Location (home branch) | Sublocation or collection (holding branch) | Date acquired | Source of acquisition | Koha issues (times borrowed) | Koha full call number | Piece designation (barcode) | Koha date last seen | Copy number | Price effective from | Koha item type |
|---|---|---|---|---|---|---|---|---|---|---|---|---|---|---|
| Bibliothèque Faculté des Sciences de la Santé | Bibliothèque Faculté des Sciences de la Santé | Achat | QW900 VER | 10700BFSS | 02/04/2013 | 1 | 02/04/2013 | Livre |